01524cam a22003377a 4500020001800000020001500018040000800033082002600041245009500067260005100162300002900213500023400242500020800476650001300684650002500697650002100722650001000743650001500753650003400768650002600802650002500828650002400853700002400877700002100901700001900922710003800941710003600979942000701015999001701022952014701039 a9780970991508 a0970991509 cGDC00a613 FUN 2012 A056 Or.00aBioaerosols, fungi and mycotoxins :bin indoor and outdoor environments and human health / aAlbany, N.Y. :bFungal Research Group,cc2012. a391 p. :bill. ;c23 cm. a"These are the proceedings of the 6th International Scientific Conference on Bioaerosols, Fungi, Bacteria, Mycotoxins in Indoor and Outdoor Environments and Human Health, September 6-9, 2011, Saratoga Springs, New York ..."--T.p. aThis conference was organized by the Fungal Research Group Foundation in coorperation with the U.S. Environmental Protection Agency and jointly sponsored with the Mount Sinai School of Medicine...--p. 2. 0aMycoses. 0aIndoor air pollution12aAir Microbiology12aFungi12aMycotoxins22aAir Pollutants, Environmental22aAir Pollution, Indoor22aEnvironmental Health22aOccupational Health1 aJohanning, Eckardt.1 aMorey, Philip R.1 aAuger, Pierre.2 aFungal Research Group Foundation.2 aMount Sinai School of Medicine. cEK c15591d15591 0010406613_000000000000000_FUN_2012_A056_OR70969113aLBAbLBAcA056d2017-12-04o613 FUN 2012 A056 Or.pA14499r2017-12-04w2017-12-04yEK